The undiscovered self /
Guardado en:
| Autor principal: | |
|---|---|
| Otros Autores: | |
| Formato: | Libro |
| Lenguaje: | inglés |
| Publicado: |
Boston :
New American Library,
c1958.
|
| Colección: | Mentor Books
|
| Materias: | |
| Etiquetas: |
Sin Etiquetas, Sea el primero en etiquetar este registro!
|
MARC
| LEADER | 00000cam a22000002 4500 | ||
|---|---|---|---|
| 001 | 0000018914 | ||
| 005 | 20171002015135.0 | ||
| 008 | 060509s xx 000 0 eng d | ||
| 040 | |a Daystar |d LKithuka | ||
| 050 | 0 | 0 | |a BF173 |b .J7253 |
| 100 | 1 | |a Jung, C. G. | |
| 245 | 1 | 4 | |a The undiscovered self / |c by C. G. Jung. |
| 260 | |a Boston : |b New American Library, |c c1958. | ||
| 300 | |a 125p. | ||
| 440 | 0 | |a Mentor Books | |
| 650 | 0 | |a Self. | |
| 700 | 1 | 0 | |a Hull, R. F .C. |
| 908 | |a 060509 | ||
| 942 | |c G | ||
| 952 | |0 1 |1 0 |4 0 |6 BF_173_000000000000000_J7253 |7 0 |9 11523 |a DUN |b DUN |c STORE |d 2017-09-28 |l 0 |o BF173.J7253 |p BK024277 |r 2017-09-28 00:00:00 |t c.2 |w 2017-09-28 |x 33863 |y G | ||
| 952 | |0 0 |1 0 |4 0 |6 BF_173_000000000000000_J7253 |7 0 |9 11524 |a DUA |b DUA |c GC |d 2017-09-28 |l 0 |o BF173.J7253 |p BK000259 |r 2017-09-28 00:00:00 |w 2017-09-28 |x 14834 |y G | ||
| 999 | |c 7580 |d 7580 | ||